1565 1190 1799 1653 1065 1197 1933 1007 1488 1027 1123 1594 1867 1433 1418 1393 1483 1035 1731 1533 1739 1404 1616 1472 1179 1297 1646 1210 1238 1396 1223 1640 1372 1989 1364 1901 1253 1774 1717 1973 1746 1198 1160 1904 1051 1055 1089 1983 1371 1566 1493 1838 1771 1616 1859 1382 1858 1996 1989 1416 1200 1316 1166 1752 1269 1272 1784 1510 1723 1041 1714 1185 1003 1589 1080 1033 1476 1570 1648 1180 1640 1680 1564 1978 1316 1867 1442 1602 1233 1439 1196 1595 1822 1316 1487 1386 1950 1551 1257 BCNSPRNW ULIB Ver.6.0+V

เปลี่ยนเป็นภาษาไทย

Change to English
 แสดงรายละเอียดบรรณานุกรม
  กลับหน้าหลัก

Brief Record : Get Marc (ISO 2709) : E-mail record : QR code < ปิดหน้าต่าง
LEADER : 00000nam 2200000uu 4500
001    13399114323
003     ULIB
008    120321s2550||||th 000 0 tha d
020    ^a9789747446593
090    ^aนว.^bw111อ 2550
100 0  ^aเมเปิ้ลสีขาว
245 00 ^aอาทิตย์แรกแห่งพันต์/^cเมเปิ้ลสีขาว
250    ^aพิมพ์ครั้งที่ 1
260    ^aกรุงเทพฯ :^bแจ่มใส,^c2550
300    ^a300 หน้า
710 1  ^aแจ่มใส
945    ^p189^l0^i14511
995    ^aกัณชพร
999    ^aใช้งานได้ทุกระบบ
รายการนี้ยังไม่มีแท็ก
คุณยังไม่ได้ล็อกอิน คุณสามารถมีกิจกรรมร่วมกับเว็บไซต์ได้ แต่ต้องล็อกอินก่อน ::
  ล็อกอิน

รายการสื่อสารสนเทศ

ลำดับที่ ประเภท เลขเรียก/บาร์โค้ด สถานที่ สถานะ
1. นวนิยาย
นวนิยาย
นว. w111อ 2550  
  Barcode: 14511
ห้องสมุดวิทยาเขตสวรรค์ประชารักษ์
►นวนิยาย
บนชั้น
  ขอยืม

รายการใกล้เคียง
    ผู้แต่ง [เมเปิ้ลสีขาว]

BibComment


ยังไม่เคยถูกคอมเมนท์

คอมเมนท์ทรัพยากรรายการนี้
  คอมเมนท์: อาทิตย์แรกแห่งพั..


 Copyright 2026. Bcnsprnw @Library